[Event "ESP-chT Div 1"]
[Site "Cala Galdana"]
[Date "1999.11.15"]
[Round "8"]
[White "Corral Blanco, Juan Antonio"]
[Black "Topalov, Veselin"]
[Result "1/2-1/2"]
[WhiteElo "2459"]
[BlackElo "2690"]
[PlyCount "172"]
[EventDate "1999.11.08"]
[EventType "team"]
[EventRounds "9"]
[EventCountry "ESP"]
[SourceTitle "EXT 2000"]
[Source "ChessBase"]
[SourceDate "1999.11.16"]
[SourceVersion "1"]
[SourceVersionDate "1999.11.16"]
[SourceQuality "1"]

1. d4 Nf6 2. c4 e6 3. Nc3 Bb4 4. e3 O-O 5. Nge2 d5 6. a3 Be7 7. cxd5 Nxd5 8.
Qc2 Nd7 9. g3 Nxc3 10. Nxc3 e5 11. Bg2 exd4 12. exd4 Bf6 13. Be3 Nb6 14. O-O c6
15. Rad1 Bg4 16. f3 Be6 17. Ne4 Re8 18. Bf2 Bd5 19. Rfe1 Be7 20. Rd2 Bf8 21.
Rde2 Re6 22. Nc5 Rxe2 23. Qxe2 Qc7 24. g4 f6 25. Bg3 Qf7 26. h4 Rd8 27. Bh3 g6
28. Bf4 Bc4 29. Qe4 Bg7 30. Bg3 Nc8 31. Kg2 Bf8 32. Qe3 Nd6 33. Ne4 Ne8 34. Bf2
Nc7 35. Bg3 Nd5 36. Qd2 b6 37. Kh2 Ba6 38. Qc2 Bb7 39. Bf1 h6 40. Bc4 f5 41.
gxf5 Qxf5 42. Be5 Bg7 43. Nf6+ Bxf6 44. Qxf5 gxf5 45. Bxf6 Rf8 46. Rg1+ Kf7 47.
Bg7 Rg8 48. Bxh6 Rxg1 49. Kxg1 Kg6 50. Bg5 Bc8 51. Kf2 Be6 52. Bd3 b5 53. Ke2
Nb6 54. Kd2 Nd5 55. Bc2 Nb6 56. Bd1 Bf7 57. b3 Nd5 58. f4 Ne7 59. Kc3 Nd5+ 60.
Kd3 Kh7 61. Bf3 Kg6 62. a4 a6 63. a5 Kg7 64. h5 Kh7 65. h6 Bg6 66. Bxd5 cxd5
67. Kc3 Bh5 68. Kb4 Bf3 69. Kc5 b4 70. Kc6 Kg6 71. Be7 Kxh6 72. Bxb4 Bd1 73.
Bf8+ Kg6 74. b4 Bb3 75. Kd6 Bc4 76. Ke6 Bd3 77. Bd6 Bc4 78. Bc5 Bd3 79. Kxd5
Kf7 80. Ke5 Ke8 81. b5 Bxb5 82. Kxf5 Kd7 83. Ke5 Kc6 84. d5+ Kxc5 85. f5 Bc4
86. d6 Kc6 1/2-1/2

[Event "Amber-blindfold 09th"]
[Site "Monte Carlo"]
[Date "2000.03.17"]
[Round "2"]
[White "Piket, Jeroen"]
[Black "Topalov, Veselin"]
[Result "1/2-1/2"]
[WhiteElo "2633"]
[BlackElo "2702"]
[Annotator "Stohl,I"]
[PlyCount "92"]
[EventDate "2000.03.16"]
[EventType "tourn (rapid)"]
[EventRounds "11"]
[EventCountry "MNC"]
[EventCategory "18"]
[SourceTitle "CBM 076"]
[Source "ChessBase"]
[SourceDate "2000.05.31"]
[SourceVersion "1"]
[SourceVersionDate "2000.05.31"]
[SourceQuality "1"]

1. d4 Nf6 2. c4 e6 3. Nf3 c5 4. d5 d6 5. h3 g6 6. Nc3 exd5 7. cxd5 Bg7 8. e4
O-O 9. Bd3 b5 10. Bxb5 Nxe4 11. Nxe4 Qa5+ 12. Nfd2 Qxb5 13. Nxd6 Qa6 14. N2c4
Nd7 15. O-O Nb6 16. Nxb6 Qxb6 17. Nxc8 Raxc8 18. Rb1 Rfd8 19. Bf4 Qb7 20. d6
Bf8 21. Qd3 Bxd6 22. Bxd6 Rc6 23. Rfd1 {Current opening theory has more and
more forced lines, which after forced play lead directly into an _|_. This
variation is one of them, there is no middlegame.} Qd7 $5 {After quite a few
people suffered in the 2R:Q _|_ finally someone at last repeats Leko's idea.
But Piket shows the road to the draw is not so simple.} (23... Rcxd6 24. Qxd6
Rxd6 25. Rxd6 {[%mdl 4096]} c4 26. Rd2 ({White can't avoid the exchange of one
pair of P on the <<:} 26. Rdd1 Qb4 27. Rdc1 Qa4 $5 28. a3 Qb3 29. Rc3 Qa2 30.
Rbc1 Qxb2 31. a4 $14) 26... c3 27. Rc2 Qe4 28. Rbc1 cxb2 29. Rxb2 {Black's
task is not so simple, although with accurate play he should be able to save
the game. He should pin White's R to the defence of the a-pawn or >>, not
allowing them to coordinate and attack Black's >>P, as in Babula-Velicka.} h5 (
29... a5 30. Rbc2 Qa4 $5 (30... h5 31. Rc4 Qd5 32. a4 $16 {Karpov,A-Polgar,J/
Budapest rapid m/1998/}) 31. Rd2 h5 $14) 30. Rbc2 (30. Rcc2 Qa4 31. Rd2 Qa5 {
1/2,Gomez Esteban,J-Martin Gonzalez,A/Salamanca/1998/}) 30... h4 (30... Qa4 $6
31. Rc8+ Kg7 32. R1c2 Qe4 33. R8c4 Qe1+ 34. Kh2 Qd1 35. h4 Qd6+ 36. g3 Qa3 37.
R4c3 Qa4 38. Rc4 Qa3 39. R4c3 Qa4 40. a3 a6 41. Re2 Qd7 42. Re4 Qd2 43. Rf3 Qd5
44. Ref4 $16 {Babula,V-Velicka,P/CZE-cht 9900/2000/}) 31. Rc4 Qe7 32. a4 Qg5
33. Re1 Qd8 34. Rec1 Qd2 35. R4c2 Qb4 36. Rc4 Qd2 37. Rc5 Kg7 38. a5 a6 39. Rf1
Kh6 40. Rc4 Kh5 41. Rfc1 f5 42. Rc5 Kg5 $132 {Karpov,A-Van Wely,L/Amber rapid/
1999/}) 24. Qa3 Rxd6 25. Rxd6 (25. Rdc1 Qf5 $11) 25... Qxd6 26. Qxa7 Re8 $1 (
26... Qd4 27. a4 Rd5 $2 28. Qb8+ Kg7 29. Qb3 f6 30. Re1 Rd7 31. a5 Qd2 32. Ra1
c4 33. Qc3 $18 {Breier,A-Kleeschaetzky,R/2BLN-9900/2000/}) (26... Qe5 $6 27.
Qa5 Rb8 28. b3 Rb4 29. Rc1 Re4 30. Qc3 Qxc3 31. Rxc3 Re1+ 32. Kh2 Re2 33. a4
Rb2 34. a5 Kf8 35. h4 h5 36. f3 $16 {Campos Moreno,J-Outerelo,M/Burgas/1999/})
27. Qa3 $5 (27. Qa4 Re2 28. Qc4 Qe5 29. a3 $5 Rxf2 30. Kxf2 Qf5+ 31. Ke3 Qxb1
32. b4 $11 {/+/= keeps some tension in the position, but the _|_ should be a
draw anyway.}) 27... Re2 28. Qc3 Qb6 29. a4 c4 30. Rf1 Qb3 31. Rc1 $146 {
[%mdl 8]} (31. Qxb3 cxb3 32. Rb1 Re4 33. Ra1 Re2 34. Rb1 {1/2,Komarov,D-Leko,P/
Ulcinj YUG Cup /1997/}) 31... Qxa4 $2 (31... Qb6 $2 32. Qf3 Qxb2 33. Rxc4 $16)
({Safer was} 31... Rxb2 $5 32. Qxc4 Qxc4 33. Rxc4 Ra2 $14 {[%mdl 4096] /= This
_|_ is theoretically drawn, but who wants to fight a pawn down?}) 32. Qd4 $1 (
32. Qxc4 Qxc4 33. Rxc4 Rxb2 $11) 32... Qa6 {[%csl Rg8] Black is in trouble, as
his >> is shaky and the K will be exposed.} ({A possible example is} 32... Rc2
33. Re1 Qb5 (33... Qa8 34. Qd7 Kg7 35. Qd1 $1 Qa5 36. Qd4+ Kh6 37. Re4 $18 {->}
) (33... Qc6 34. Qd8+ Kg7 35. Re8 Qc5 36. Rg8+ Kh6 37. Qh4+ Qh5 38. Qf4+ Qg5
39. Qxf7 $18) 34. Qd8+ Kg7 35. Re8 $40 {/\} Rxb2 36. Rg8+ Kh6 37. Qf8+ Kg5 38.
Qe7+ Kh6 39. g4 $1 $18) 33. Rxc4 (33. Qf4 $2 Kg7 $1 34. Rxc4 Qa1+ 35. Kh2 Qxb2
$11) 33... Rxb2 34. Qd8+ Kg7 35. Rc8 $36 {White has again doubled his major
pieces on the 8-th rank as above.} Rb1+ 36. Kh2 Qe6 (36... Qb6 37. Qh8+ Kh6 38.
Qf8+ $18 {/\Qf7}) 37. Qd4+ $2 (37. Qf8+ Kf6 38. Qh8+ Kg5 (38... Kf5 39. Rc5+
Ke4 40. f3+ Ke3 41. Re5+ $18) 39. Rc5+ f5 (39... Kh6 40. Qf8#) 40. Qd8+ Kh6 (
40... Kh5 41. g4+) 41. Qh4+ Kg7 42. Rc7+ $18) 37... Kh6 $8 (37... f6 $2 38.
Rc7+ $18) (37... Qf6 $2 38. Rg8+) 38. Rg8 Qe7 39. h4 $2 {After this mistake
White's advantage evaporates.} (39. Qg7+ Kg5 40. g3 $40 (40. Qxh7 Qf6 41. h4+
Kg4 42. f3+ Kf5 $11)) 39... f6 40. Qd2+ g5 41. f4 $6 (41. hxg5+ fxg5 42. f4 Qc7
$1 {/\} 43. Rxg5 Rh1+ $1 44. Kg3 (44. Kxh1 Qc1+ 45. Qxc1 $11) 44... Rh3+ 45.
Kg4 Rh4+ 46. Kxh4 Qxf4+ $1 47. Qxf4 $11) 41... gxh4 42. f5+ Kh5 $11 43. g4+
hxg3+ 44. Rxg3 Qe5 45. Qd7 Qe2+ (45... Qb2+ 46. Rg2 Qb7 47. Qe8+ Kh4 48. Qd8
Qb8+ 49. Qxb8 Rxb8 50. Rg7 $11) 46. Rg2 Qe5+ 1/2-1/2

[Event "Amber-blindfold 09th"]
[Site "Monte Carlo"]
[Date "2000.03.23"]
[Round "7"]
[White "Topalov, Veselin"]
[Black "Shirov, Alexei"]
[Result "1/2-1/2"]
[WhiteElo "2702"]
[BlackElo "2751"]
[PlyCount "69"]
[EventDate "2000.03.16"]
[EventType "tourn (rapid)"]
[EventRounds "11"]
[EventCountry "MNC"]
[EventCategory "18"]
[SourceTitle "CBM 076"]
[Source "ChessBase"]
[SourceDate "2000.05.31"]
[SourceVersion "1"]
[SourceVersionDate "2000.05.31"]
[SourceQuality "1"]

1. e4 e5 2. Nf3 Nf6 3. Nxe5 d6 4. Nf3 Nxe4 5. d4 d5 6. Bd3 Bd6 7. O-O O-O 8. c4
c6 9. cxd5 cxd5 10. Nc3 Nxc3 11. bxc3 Bg4 12. Rb1 Nd7 13. h3 Bh5 14. Rb5 Nb6
15. c4 Bxf3 16. Qxf3 dxc4 17. Bc2 Qd7 18. a4 g6 19. Bd2 c3 20. Qxc3 Rac8 21.
Qb3 Bb8 22. Bd1 Qxd4 23. Be3 Qg7 24. Bg4 Rc7 25. Rd1 Re8 26. a5 Rc3 27. Qb4 Nc4
28. Bh6 Qf6 29. Rxb7 Qe5 30. f4 Qe3+ 31. Kh1 Bd6 32. Qb5 Bf8 33. Rb8 Nd6 34.
Rxe8 Nxe8 35. Bxf8 1/2-1/2

[Event "Amber-rapid 09th"]
[Site "Monte Carlo"]
[Date "2000.03.17"]
[Round "2"]
[White "Topalov, Veselin"]
[Black "Piket, Jeroen"]
[Result "1/2-1/2"]
[WhiteElo "2702"]
[BlackElo "2633"]
[PlyCount "123"]
[EventDate "2000.03.16"]
[EventType "tourn (rapid)"]
[EventRounds "11"]
[EventCountry "MNC"]
[EventCategory "18"]
[SourceTitle "CBM 076"]
[Source "ChessBase"]
[SourceDate "2000.05.31"]
[SourceVersion "1"]
[SourceVersionDate "2000.05.31"]
[SourceQuality "1"]

1. e4 e5 2. Nf3 Nc6 3. Bb5 a6 4. Ba4 Nf6 5. O-O Be7 6. Re1 b5 7. Bb3 d6 8. c3
O-O 9. d4 Bg4 10. d5 Na5 11. Bc2 Qc8 12. h3 Bd7 13. Nbd2 c6 14. dxc6 Qxc6 15.
Nf1 Rfe8 16. Ng3 Rac8 17. a4 Nc4 18. Qe2 Bd8 19. Rd1 Nb6 20. axb5 axb5 21. Bd3
Na4 22. Bg5 h6 23. Bxf6 Bxf6 24. Rd2 Nc5 25. Bc2 Be6 26. Rad1 Rcd8 27. Qe3 Nb3
28. Bxb3 Bxb3 29. Re1 Be6 30. Nh5 Be7 31. Ng3 Bf6 32. Nh5 Be7 33. Ng3 Rb8 34.
Nf5 Bxf5 35. exf5 b4 36. Rc1 e4 37. Nd4 Qd7 38. Qxe4 Bg5 39. Qd3 bxc3 40. bxc3
Rbc8 41. g3 Bxd2 42. Qxd2 Qe7 43. h4 Rc5 44. Qd3 Qe4 45. Qd2 Kh7 46. Kh2 Ra5
47. Rf1 Qd5 48. Kg1 Ra2 49. Qd3 Rb2 50. Ra1 Kg8 51. Rb1 Ree2 52. Nxe2 Qxd3 53.
Rxb2 Qxf5 54. Rd2 Qe4 55. Kf1 Qb1+ 56. Kg2 Qe1 57. Ra2 d5 58. Ra8+ Kh7 59. Re8
Qd2 60. Re3 g6 61. Nd4 Kg7 62. Ne2 1/2-1/2

[Event "Amber-rapid 09th"]
[Site "Monte Carlo"]
[Date "2000.03.18"]
[Round "3"]
[White "Nikolic, Predrag"]
[Black "Topalov, Veselin"]
[Result "0-1"]
[WhiteElo "2659"]
[BlackElo "2702"]
[Annotator "Stohl,I"]
[PlyCount "88"]
[EventDate "2000.03.16"]
[EventType "tourn (rapid)"]
[EventRounds "11"]
[EventCountry "MNC"]
[EventCategory "18"]
[SourceTitle "CBM 076"]
[Source "ChessBase"]
[SourceDate "2000.05.31"]
[SourceVersion "1"]
[SourceVersionDate "2000.05.31"]
[SourceQuality "1"]

1. d4 Nf6 2. c4 e6 3. Nf3 c5 4. d5 d6 5. Nc3 exd5 6. cxd5 g6 7. g3 Bg7 8. Bg2
O-O 9. O-O Re8 10. Bf4 {Nikolic's favourite line against the Benoni requires
subtle play from Black.} Na6 $5 (10... a6 $143 11. a4 Ne4 12. Nxe4 Rxe4 13. Nd2
Rb4 14. Ra2 $1 Qe7 15. b3 g5 16. Be3 Bd4 17. Bxd4 Rxd4 18. e3 Rb4 19. Nc4 Nd7
20. f4 Rb8 21. Qd3 g4 22. Rd1 Nf8 23. Qc3 $16 {Nikolic,P-Hracek,Z/EU-chT
Batumi/1999/}) ({A playable alternative is} 10... Qb6 11. Rc1 Nh5 12. Bd2 Bg4
13. h3 Bxf3 14. Bxf3 Nf6 15. g4 h6 16. Rb1 Nbd7 17. Bg2 a6 18. b4 cxb4 19. Na4
Qc7 20. Bxb4 b5 21. Nc3 Qb6 22. e3 a5 23. Ba3 b4 $15 {Vaulin,A-Tunik,G/
Naberezhnie Chelni/ 1988/}) 11. Nd2 {After this typical Benoni move White's B
lands on the uncomfortable square e3.} (11. Nb5 Bf8 12. Re1 Nc7 13. Nxc7 Qxc7
14. Rc1 a5 15. b3 Bd7 16. Nd2 Nh5 $1 17. Ne4 Bf5 18. Rxc5 Qd8 19. Rc4 Nxf4 20.
gxf4 b5 21. Rd4 Bg7 22. Ng3 Bc2 23. Qxc2 Bxd4 24. Qd3 Qb6 $15 {Kaidanov,
G-Romanishin,O/Groningen PCA/1993/}) ({White's main move is} 11. Re1 {[%cal
Ye2e4] /\e4} Nc7 (11... Bg4 12. Nd2 (12. h3 Bxf3 13. Bxf3 Qd7 14. e4 Rad8 15.
Kg2 c4 16. e5 (16. Be3 Nb4 17. Bxa7 Nd3 18. Re2 b5 19. Bd4 h5 20. a4 Nh7 21.
Nxb5 Ng5 22. Re3 Qxh3+ 23. Kg1 Nxf2 $1 24. Kxf2 Qh2+ 25. Kf1 Bxd4 $40 {Adorjan,
A-Romanishin,O/Debrecen/1990/}) 16... dxe5 17. Rxe5 Nb4 18. Rxe8+ Rxe8 19. Qd2
Nd3 20. a4 h5 21. Be3 a6 22. a5 h4 23. g4 Qc7 24. Ra4 Nd7 $36 {Cech,P-Stocek,J/
CZE-chT/1999/}) 12... Nh5 13. Be3 Qd7 14. a4 Bh3 15. Bf3 Bg4 16. Bg2 Bh3 17.
Nc4 Bxg2 18. Kxg2 Nc7 19. Qd3 f5 20. Bd2 Rf8 21. f3 $14 {Sorokin,M-Robledo,N/
Buenos Aires/1997/}) (11... Ne4 12. Nxe4 Rxe4 13. Nd2 Rd4 14. a3 Rxf4 15. gxf4
Bxb2 16. Ra2 Bg7 17. e4 b5 18. e5 Bf5 19. Nf3 Nc7 20. exd6 Ne8 21. d7 Nd6 22.
Ne5 $13 {1/2,Gleizerov,E-Moskalenko,V/Alushta/1993/}) (11... Nh5 12. Bg5 Qd7
13. e4 b5 14. Bf1 Nc7 15. e5 dxe5 16. d6 b4 17. Na4 Ne6 18. Bc4 Nd4 19. Nxc5
Qxd6 20. Nxd4 Qxc5 21. Rc1 Qf8 22. Bd5 Rb8 23. Rc7 Qd6 24. Nb5 $1 {1-0
Scheeren,P-Ligterink,G/Hilversum/1984/}) 12. e4 Bg4 13. h3 Bxf3 14. Bxf3 Qd7
15. a4 h6 16. Bg2 Nh5 17. Be3 b5 18. axb5 Nxb5 19. Qa4 a6 20. g4 Nf6 21. Nxb5
Qxb5 $11 {1/2,Barbero,G-Frias,V/Wijk aan Zee-B/1991/}) 11... Nh5 12. Be3 {
[%csl Re3]} Nc7 13. a4 b6 14. Bf3 $146 (14. Nc4 Ba6 15. Na3 (15. Qb3 Qd7 16.
Ne4 $2 Bxc4 17. Qxc4 Bxb2 18. Rab1 Bg7 19. Rb3 Nf6 20. Nxf6+ Bxf6 21. Bf3 Rab8
22. Rfb1 Rb7 23. h4 Reb8 24. Bg4 Qd8 25. Bd2 Bd4 26. e3 Be5 27. f4 Bg7 28. e4
Bd4+ 29. Kg2 Qe8 30. Bf3 a6 31. Ba5 b5 $19 {Kapelan,M-Davies,N/Vrsac/1989/})
15... Nf6 (15... Rxe3 $5 16. fxe3 Qe7 $44) 16. Bg5 h6 17. Bf4 Ng4 18. Re1 Ne5
19. Qc2 Qd7 (19... Bc8 $5 $13) 20. h3 b5 $6 21. axb5 Bxb5 22. Bd2 Ba6 23. b3
Qe7 24. f4 Nd7 25. e4 Rab8 26. Nc4 $36 {Rossetto,H-Ocampo,R/Mar del Plata/1972/
}) 14... Ba6 15. Re1 Rxe3 $5 {[%mdl 512]} (15... Qe7 $132 {was certainly also
playable, but in a rapid game Topalov wants to unbalance the position as soon
as possible.}) 16. fxe3 (16. Bxh5 $4 Rxc3 $19) 16... Nf6 $44 {[%csl Rd5,Re2,
Re3] White's problem is that he has active possibilities with his crippled P.
And without open files for the R an extra exchange has little significance.}
17. Qc2 Qe7 18. e4 (18. Nf1 h5 {is very similar.}) 18... h5 19. e3 (19. b3 Nd7
20. Nc4 h4 $36) 19... Bh6 20. Nd1 Re8 21. Nf2 Nd7 22. b4 (22. Nc4 $142 $5 Bxc4
23. Qxc4 Ne5 24. Qe2 a6 $44) 22... Ne5 23. b5 $6 (23. bxc5 bxc5 $44 (23... dxc5
$5 $13 {[%cal Ye8f8,Yc7e8,Ye8d6] /\Rf8,Ne8-d6})) 23... Bc8 24. Bg2 h4 $36 {
[%mdl 2048] Closing the << robs White of any possible <=> on this side of the
board. White doesn't find any targets for the rest of the game and Black's
minor pieces just take his position apart in the end.} 25. Ra2 (25. Nc4 hxg3
26. hxg3 Bg7 $15 {[%csl Rg3] ><g3}) 25... hxg3 26. hxg3 Qg5 27. Nf1 Bg7 28. Qe2
a6 $5 29. Rb1 (29. bxa6 $2 Bxa6 30. Nh3 $8 Qe7 31. Qd2 Bc4 $17) 29... Qd8 30.
Bh3 Bb7 31. Nd3 (31. Nd2 Qg5 32. Kg2 Ra8 $36) 31... f5 $1 {|^[+]} 32. Nxe5 Bxe5
33. exf5 (33. Bg2 $5 Qg5 34. exf5 gxf5 $13) 33... Qg5 34. Rd2 axb5 35. axb5
gxf5 36. Qf3 Rf8 {[%csl Rb5,Rd5,Re3,Rg3] ><b5,d5,e3,g3} 37. Bg2 (37. e4 $5 {/\}
fxe4 38. Qxe4 Rxf1+ 39. Rxf1 Qxd2 40. Qg6+ Bg7 41. Be6+ Nxe6 42. Qxe6+ $11)
37... Kg7 38. Rc1 Rf7 $1 $17 39. Rc4 (39. Rb1 c4 $17) 39... Nxb5 40. Rh4 Nc3
41. Bh3 (41. Rh5 Qg6 $19 {[%csl Gb6,Gc5] o^b,c}) 41... Ne4 $19 42. Rg2 Qg6 43.
g4 (43. Qd1 Nc3 44. Qh5 Qxh5 45. Rxh5 Bxd5 $19) 43... Ng5 44. Qxf5 $6 (44. Qd1
f4 45. Kh1 Qe4 $19 {->}) 44... Nf3+ (44... Rxf5 45. gxf5 Nf3+ 46. Kf2 Qxg2+ $19
) 0-1

[Event "Amber-rapid 09th"]
[Site "Monte Carlo"]
[Date "2000.03.21"]
[Round "5"]
[White "Topalov, Veselin"]
[Black "Gelfand, Boris"]
[Result "1-0"]
[WhiteElo "2702"]
[BlackElo "2692"]
[Annotator "Ftacnik,L"]
[PlyCount "55"]
[EventDate "2000.03.16"]
[EventType "tourn (rapid)"]
[EventRounds "11"]
[EventCountry "MNC"]
[EventCategory "18"]
[SourceTitle "CBM 076"]
[Source "ChessBase"]
[SourceDate "2000.05.31"]
[SourceVersion "1"]
[SourceVersionDate "2000.05.31"]
[SourceQuality "1"]

1. e4 c5 2. Nf3 d6 3. d4 cxd4 4. Nxd4 Nf6 5. Nc3 a6 6. f3 e6 7. Be3 b5 8. Qd2
Nbd7 9. g4 h6 10. O-O-O Bb7 11. h4 b4 12. Na4 Qa5 13. b3 Nc5 14. a3 Nxa4 15.
axb4 Qc7 16. bxa4 d5 17. e5 Nd7 18. f4 Nb6 19. f5 Nxa4 20. fxe6 O-O-O $6 {
[%mdl 4] Dubious novelty, that sets high stakes on the effects of the
counterplay against white king. Unfortunatelly white's central pawns will be
too strong.} (20... Nc3 21. exf7+ Kxf7 22. Bd3 Bxb4 23. Rdf1+ Kg8 24. Qf2 Re8
25. e6 Rf8 26. Qf7+ Rxf7 27. exf7+ Qxf7 28. Rxf7 Kxf7 29. Rf1+ Ke7 30. Nf5+ Kd8
31. Nxg7 {1-0 Selin,O-Rogovoi,M/St Petersburg/2000/ (60)}) 21. exf7 Nc3 (21...
Qxf7 22. Bd3 Qe7 23. Bf5+ Kb8 24. Ne6 Qxb4 25. Qxb4 Bxb4 26. Rd4 Bc5 27. Nxd8
Bxd4 28. Bxd4 Rxd8 29. e6 $18) 22. e6 Bxb4 23. Qd3 Na2+ (23... Qa5 24. Kd2 $1
Ne4+ 25. Ke2 Ng3+ 26. Kf3 Nxh1 27. Bg2 $16) (23... Ba3+ 24. Kd2 Ne4+ 25. Ke2
Ng3+ 26. Kf3 Nxh1 27. Qxa3 Qg3+ 28. Ke2 $18) 24. Kb2 $1 Bc3+ 25. Kb1 {White's
excellent defensive triangel with the king has showed the limits of black's
attack.} (25. Kxa2 $2 Qa5+ $19) 25... Nb4 (25... Qb6+ 26. Nb5 Qxb5+ (26... d4
27. Qc4+ Kb8 28. Bf4+ Ka8 29. Qxa2 Bxh1 30. e7 $18) 27. Qxb5 axb5 28. e7 d4 29.
exd8=Q+ (29. Bxb5 Bxh1 30. Rxh1 dxe3 31. Kxa2 e2 32. exd8=Q+ Kxd8 33. Bxe2 $18)
29... Rxd8 30. Rh2 Rf8 31. Bxd4 $18) 26. Bf4 $1 (26. Qf5 g6 $19) 26... Qc5 (
26... Qxf4 27. Qxc3+ $18) (26... Nxd3 27. Bxc7 Kxc7 28. Rxd3 Bb4 29. Re3 $18)
27. Qf5 {Black king could be mated too so Topalov's strategy triumphs.} g6 (
27... Bxd4 28. e7+ Rd7 29. e8=Q+ Rxe8 30. fxe8=Q#) 28. Qe5 1-0

[Event "Amber-rapid 09th"]
[Site "Monte Carlo"]
[Date "2000.03.23"]
[Round "7"]
[White "Shirov, Alexei"]
[Black "Topalov, Veselin"]
[Result "1-0"]
[WhiteElo "2751"]
[BlackElo "2702"]
[PlyCount "149"]
[EventDate "2000.03.16"]
[EventType "tourn (rapid)"]
[EventRounds "11"]
[EventCountry "MNC"]
[EventCategory "18"]
[SourceTitle "CBM 076"]
[Source "ChessBase"]
[SourceDate "2000.05.31"]
[SourceVersion "1"]
[SourceVersionDate "2000.05.31"]
[SourceQuality "1"]

1. e4 c5 2. Nf3 d6 3. d4 cxd4 4. Nxd4 Nf6 5. Nc3 a6 6. Be3 e5 7. Nb3 Be6 8. f3
Nbd7 9. Qd2 b5 10. a4 b4 11. Nd5 Bxd5 12. exd5 Nb6 13. Bxb6 Qxb6 14. a5 Qb7 15.
Bc4 Rc8 16. Qd3 Rxc4 17. Qxc4 Nxd5 18. Qe2 Be7 19. O-O-O Nf4 20. Qd2 O-O 21. g3
Ne6 22. f4 Rc8 23. Kb1 g6 24. Rhe1 exf4 25. gxf4 Bh4 26. Rf1 Ng7 27. f5 Qc7 28.
fxg6 hxg6 29. Ka2 Ne8 30. Qd4 Bg5 31. Rf2 Bh6 32. Rdf1 f5 33. Rg1 Qf7 34. Qd3
Bg7 35. Qxa6 Rc7 36. Qb5 Nf6 37. Rfg2 Ng4 38. h3 Ne5 39. Qxb4 Kh7 40. Qh4+ Bh6
41. Rd1 Nc4 42. Re2 Nxa5 43. Rxd6 Nxb3 44. cxb3 Ra7+ 45. Kb1 Qc7 46. Rd1 Qf4
47. Re7+ Rxe7 48. Qxe7+ Bg7 49. Rd7 Qf1+ 50. Ka2 Qa6+ 51. Kb1 Qf1+ 52. Kc2 Qg2+
53. Kd3 Qf3+ 54. Kc4 Qc6+ 55. Kd3 Qf3+ 56. Kc2 Qg2+ 57. Rd2 Qc6+ 58. Kb1 Qh1+
59. Ka2 Qa8+ 60. Qa3 Qe4 61. Rd7 Qe5 62. Re7 Qf6 63. Re3 f4 64. Rf3 g5 65. b4
Bf8 66. Qd3+ Kh6 67. Qc4 Qe5 68. b5 Bc5 69. Rb3 Qd6 70. b6 Bxb6 71. Qa6 Bc5 72.
Qxd6+ Bxd6 73. Rb6 Kh5 74. Rxd6 Kh4 75. Rd5 1-0

[Event "Amber-rapid 09th"]
[Site "Monte Carlo"]
[Date "2000.03.26"]
[Round "9"]
[White "Van Wely, Loek"]
[Black "Topalov, Veselin"]
[Result "1-0"]
[WhiteElo "2646"]
[BlackElo "2702"]
[Annotator "Huzman,A"]
[PlyCount "93"]
[EventDate "2000.03.16"]
[EventType "tourn (rapid)"]
[EventRounds "11"]
[EventCountry "MNC"]
[EventCategory "18"]
[SourceTitle "CBM 076"]
[Source "ChessBase"]
[SourceDate "2000.05.31"]
[SourceVersion "1"]
[SourceVersionDate "2000.05.31"]
[SourceQuality "1"]

1. d4 Nf6 2. c4 g6 3. Nc3 Bg7 4. e4 d6 5. Nf3 O-O 6. Be2 e5 7. O-O Nc6 8. d5
Ne7 9. b4 a5 10. Ba3 b6 11. bxa5 Nh5 12. Nb5 Rxa5 13. Bb4 Ra6 (13... Ra8 14.
Qb3 Nf4 15. Bd1 f5 16. Bc2 g5 17. Nd2 Ne2+ 18. Kh1 f4 19. Rfe1 Nd4 20. Nxd4
exd4 {[#]} 21. e5 Bxe5 22. Rxe5 dxe5 23. Re1 Re8 $13 {1-0 Krasenkow,M-Zaitsev,
I/Koszalin 1997/CBM 59 ext/[Krasenkow] (58)}) 14. Nd2 Nf4 15. Re1 Nxe2+ 16.
Qxe2 f5 17. a4 fxe4 18. Nxe4 Nf5 19. Qd1 $5 $146 {The idea of this move is to
defend b3 square.This will make easier for the White to realise their plan.} (
19. Qd3 Nd4 20. Bc3 Nb3 21. Ra3 Na5 22. Bd2 Bf5 23. Qe2 Nb7 24. Bg5 Qd7 25. f3
Raa8 26. Be3 Qe7 27. g4 Bxe4 28. fxe4 Bf6 $11 {1/2-1/2 Van Wely,L-Smirin,I/
Elista 1998/CBM 66 ext (97)}) 19... Rf7 $6 (19... Nd4 20. a5 $5 (20. Bc3 {
[%cal Gd1b3]} Nxb5 21. cxb5 (21. axb5 Rxa1 22. Qxa1 Bf5 $11) 21... Ra7 22. a5
bxa5 23. Rxa5 Rxa5 24. Bxa5 Bf5 (24... Bb7 25. Qd3 Rf7 26. Rc1 Bh6 27. Rc2))
20... bxa5 21. Bxa5 Nxb5 22. cxb5 Ra7 23. Qc2 $14) 20. a5 bxa5 21. Rxa5 (21.
Bxa5 $2 Rxa5 22. Rxa5 c6) 21... h6 (21... Rxa5 22. Bxa5 Ba6 23. Qa4 $14 (23.
Qb3 Nd4 24. Nxd4 exd4) 23... Qd7 $140 24. Ng5 $16) 22. Qa1 Rxa5 (22... Rb6 23.
Ra8 Qd7 24. Qa3 $36) 23. Qxa5 Bf8 (23... Qd7 24. Qa8 Nd4 25. Na7 Rf8 26. Nxc8
$14) 24. Qa8 Nd4 (24... Qd7 25. Ba5 Nd4 26. Nxc7 $16) 25. Na7 Nc2 26. Qxc8 Qxc8
27. Nxc8 Nxb4 28. Rb1 Nd3 29. Rb7 $16 {The Bf8 is very passive.Soon the Nd3
also will be in danger.} h5 30. g3 $1 Bh6 31. Kf1 h4 32. Rb3 $1 Nc1 (32... Rf3
33. Na7 $1 $16 {[%csl Rc7]}) 33. Ra3 $18 {[%csl Rc1]} hxg3 34. hxg3 g5 35. g4
$1 Bf8 36. Ke1 c6 37. Ncxd6 (37. Kd1 cxd5 38. cxd5 Rc7 39. Ncxd6 $18) 37...
cxd5 38. cxd5 Rf4 39. Ra8 Nd3+ 40. Ke2 Nb4 41. f3 $1 Nxd5 42. Nf5 Nc7 43. Rd8 (
43. Ra5 $1 Ne6 44. Rxe5 Kf7 45. Ke3 $18) 43... Ne6 44. Rd7 Bg7 $2 (44... Nd4+
45. Nxd4 exd4 46. Nxg5 $18) (44... Bc5 $1 45. Nf6+ (45. Rb7 Kf8 46. Rb5 $16)
45... Kf8 46. Nh7+ Ke8 (46... Kg8 47. Nh6+ Kh8 48. Nf7+ Kg8 49. Nhxg5)) 45.
Nxg5 Nd4+ 46. Nxd4 Rxd4 47. Rxg7+ 1-0